Modern art / (Record no. 12011)
[ view plain ]
| 000 -LEADER | |
|---|---|
| fixed length control field | 01075nam a22003257i 4500 |
| 003 - CONTROL NUMBER IDENTIFIER | |
| control field | URS |
| 005 - DATE AND TIME OF LATEST TRANSACTION | |
| control field | 20220117094957.0 |
| 008 - FIXED-LENGTH DATA ELEMENTS--GENERAL INFORMATION | |
| fixed length control field | 171004b xxu||||| |||| 00| 0 eng d |
| 020 ## - INTERNATIONAL STANDARD BOOK NUMBER | |
| International Standard Book Number | 9719344643 |
| 040 ## - CATALOGING SOURCE | |
| Original cataloging agency | DML |
| Description conventions | rda |
| Transcribing agency | URSR |
| Language of cataloging | eng |
| 041 0# - LANGUAGE CODE | |
| Language code of text/sound track or separate title | eng |
| 042 ## - AUTHENTICATION CODE | |
| Authentication code | DMLUC |
| 050 00 - LIBRARY OF CONGRESS CALL NUMBER | |
| Classification number | ND 1029 |
| Item number | R1452 2008 |
| 100 1# - MAIN ENTRY--PERSONAL NAME | |
| Personal name | Ramirez, Fred, |
| Dates associated with a name | 1956-, |
| Relator term | author |
| 245 10 - TITLE STATEMENT | |
| Title | Modern art / |
| Statement of responsibility, etc. | by Fred Ramirez ; text, Marlene Aguilar ; writer, Cid Reyes ; editor, Marlene Aguilar ; design and layout, Alexander Pascual ; photography, Raymund Isaac, Demetrio Dela Cruz. |
| 264 #1 - PRODUCTION, PUBLICATION, DISTRIBUTION, MANUFACTURE, AND COPYRIGHT NOTICE | |
| Place of production, publication, distribution, manufacture | [Quezon City] : |
| Name of producer, publisher, distributor, manufacturer | Jamayco Pub. House, |
| Date of production, publication, distribution, manufacture, or copyright notice | [2008] |
| 264 #4 - PRODUCTION, PUBLICATION, DISTRIBUTION, MANUFACTURE, AND COPYRIGHT NOTICE | |
| Date of production, publication, distribution, manufacture, or copyright notice | ©2008 |
| 300 ## - PHYSICAL DESCRIPTION | |
| Extent | 149 pages : |
| Other physical details | illustrationss; |
| Dimensions | 28.5 cm. |
| 336 ## - CONTENT TYPE | |
| Content type term | text |
| Content type code | txt |
| Source | rdacontent |
| 337 ## - MEDIA TYPE | |
| Media type term | unmediated |
| Media type code | n |
| Source | rdamedia |
| 338 ## - CARRIER TYPE | |
| Carrier type term | volume |
| Carrier type code | nc |
| Source | rdacarrier |
| 650 #0 - SUBJECT ADDED ENTRY--TOPICAL TERM | |
| Topical term or geographic name entry element | Painting, Philippine |
| Chronological subdivision | 20th century. |
| 650 #0 - SUBJECT ADDED ENTRY--TOPICAL TERM | |
| Topical term or geographic name entry element | Painters |
| Geographic subdivision | Philippines |
| Form subdivision | Biography. |
| 690 14 - LOCAL SUBJECT ADDED ENTRY--TOPICAL TERM (OCLC, RLIN) | |
| Topical term or geographic name as entry element | Ramirez, Fred, |
| Active dates | 1956- |
| 700 1# - ADDED ENTRY--PERSONAL NAME | |
| Personal name | Reyes, Cid. |
| 700 1# - ADDED ENTRY--PERSONAL NAME | |
| Personal name | Aguilar, Marlene. |
| 905 ## - LOCAL DATA ELEMENT E, LDE (RLIN) | |
| a | FI |
| 942 ## - ADDED ENTRY ELEMENTS (KOHA) | |
| Source of classification or shelving scheme | Library of Congress Classification |
| Koha item type | Filipiniana |
| Withdrawn status | Source of classification or shelving scheme | Damaged status | Not for loan | Home library | Current library | Date acquired | Total Checkouts | Full call number | Barcode | Date last seen | Price effective from | Koha item type |
|---|---|---|---|---|---|---|---|---|---|---|---|---|
| Library of Congress Classification | Rodriguez College Library | Rodriguez College Library | 10/04/2017 | ND 1029 R1452 2008 | URSROD | 10/04/2017 | 10/04/2017 | Filipiniana |